Kirby Star Allies - Liste des Alliés - Statistiques

Statistiques générales
  • Ce quiz a été pris 25 fois
    24 depuis la dernière actualisation
  • Le résultat moyen est 14 sur 34
Statistiques - réponses
Catégories Disponibilité Personnages % Correct
Roi Dadidou
100%
Waddle Dee Parasol
94%
Meta Knight
89%
Amis de Rêve Dès le départ Bandana Waddle Dee
78%
version 4.0 Magolor
78%
Max
72%
version 2.0 Rick & Ken & Coo
72%
Susie
72%
Taranza
72%
Dark Meta Knight
67%
Gooey
61%
Adeleine & Ribbon
44%
version 3.0 Desroches
44%
Bonkers
39%
Léo Laflam
39%
Acolytes Bébépoppy
33%
Chilly
33%
Bugzzy
28%
Jaido
28%
Chef Kawasaki
22%
Prizz
22%
Trois sœurs mages(Francisca, Flamberge et Zan Pertuisanne)
22%
Choiroc
17%
Como
17%
Duc Hache Viande
17%
Oazo
17%
Sharpe Knight
17%
Vividia
17%
Wester
17%
Jamalbam
11%
Psychoc
11%
Bio Spark
6%
Knucles Joe
6%
Scaraby
6%
Aucun quiz correspondant
Distribution des résultats
% des personnes avec chaque résultat
Percentile par nombre de réponses
Votre historique - résultats
Vous n’avez pas pris ce quiz depuis la dernière actualisation